BSOP header

Viva! Kay Señor Santo Niño Viva! : (Record no. 2968)

MARC details
000 -LEADER
fixed length control field 00850nam a2200217 4500
008 - FIXED-LENGTH DATA ELEMENTS--GENERAL INFORMATION
fixed length control field 010816s2001 ph 0 engYA
020 ## - INTERNATIONAL STANDARD BOOK NUMBER
International Standard Book Number 9718140131
090 ## - LOCALLY ASSIGNED LC-TYPE CALL NUMBER (OCLC); LOCAL CALL NUMBER (OCLC)
Classification number (OCLC) (R) ; Classification number, CALL (RLIN) (NR) BV70.N5/T49
100 1# - MAIN ENTRY--PERSONAL NAME
Personal name Tinagan, Marcela Mijares Reyes
245 10 - TITLE STATEMENT
Title Viva! Kay Señor Santo Niño Viva! :
Remainder of title Aklan's Santo Niño Ati-Atihan festivals /
Statement of responsibility, etc Marcela Mijares Reyes-Tinagan.
260 ## - PUBLICATION, DISTRIBUTION, ETC. (IMPRINT)
Place of publication, distribution, etc Manila :
Name of publisher, distributor, etc National Commission for Culture and the Arts,
Date of publication, distribution, etc c2001.
300 ## - PHYSICAL DESCRIPTION
Extent xv, 120 p. :
Other physical details ill., ports.
504 ## - BIBLIOGRAPHY, ETC. NOTE
Bibliography, etc Biblio. : pp 116-120.
650 #4 - SUBJECT ADDED ENTRY--TOPICAL TERM
Topical term or geographic name as entry element Ati-Atihan festivals.
651 #4 - SUBJECT ADDED ENTRY--GEOGRAPHIC NAME
Geographic name Pase de Niño festival
Geographic subdivision Aklan.
651 #4 - SUBJECT ADDED ENTRY--GEOGRAPHIC NAME
Geographic name Santo Niño festivals, Aklan.
951 ## - EQUIVALENCE OR CROSS-REFERENCE-GEOGRAPHIC NAME/AREA NAME [OBSOLETE] [CAN/MARC only]
General subdivision 00014614
700 1# - ADDED ENTRY--PERSONAL NAME
Personal name Reyes-Tinagan, Marcela Mijares
710 22 - ADDED ENTRY--CORPORATE NAME
Corporate name or jurisdiction name as entry element National Commission for Culture and the Arts, c2001.
951 ## - EQUIVALENCE OR CROSS-REFERENCE-GEOGRAPHIC NAME/AREA NAME [OBSOLETE] [CAN/MARC only]
-- 23821
-- BV70.N5/T49
-- 070613110945859
-- 2000-12-21
-- FIL
Holdings
Withdrawn status Lost status Damaged status Not for loan Home library Current library Shelving location Date acquired Accession number Shelving control number Total Checkouts Full call number Barcode Date last seen Price effective from Koha item type
        BSOP Library BSOP Library Filipiniana 12/21/2000 23821 127   BV70.N5/T49 00014614 02/23/2013 02/23/2013 Books
BSOP

Biblical Seminary of the Philippines
  All rights Reserved
  © 2024

CONTACT INFORMATION

Biblical Seminary of the Philippines,
  77-B Karuhatan Road, Valenzuela City,
  PHILIPPINES 1441
  Phone: +632 8292-6795 / 8292-6798
  Fax : +632 8292-6675
  Email: library@bsop.edu.ph